000 00381nam a22001337a 4500
999 _c510841
_d510841
008 190903b ||||| |||| 00| 0 eng d
100 _aNauriya, Anil
_99460
245 _aOn Gandhi's reflections during his last days: some socio-economic and political aspects
260 _c2019
300 _ap.9-25.
773 _aSocial Scientist
906 _aGandhi, M.K.
942 _2ddc
_cAR